MARC details
| 000 -LEADER |
| fixed length control field |
02839nam a2200481 i 4500 |
| 001 - CONTROL NUMBER |
| control field |
BK0032141370 |
| 005 - DATE AND TIME OF LATEST TRANSACTION |
| control field |
20260202172001.0 |
| 008 - FIXED-LENGTH DATA ELEMENTS--GENERAL INFORMATION |
| fixed length control field |
250520s2025 nyua b 001 0deng d |
| 010 ## - LIBRARY OF CONGRESS CONTROL NUMBER |
| LC control number |
bl2025049041 |
| 020 ## - INTERNATIONAL STANDARD BOOK NUMBER |
| International Standard Book Number |
9780593657225 : HRD |
| Terms of availability |
32.00 |
| 020 ## - INTERNATIONAL STANDARD BOOK NUMBER |
| International Standard Book Number |
0593657225 : HRD |
| Terms of availability |
32.00 |
| Qualifying information |
hc. |
| -- |
hc. |
| 020 ## - INTERNATIONAL STANDARD BOOK NUMBER |
| Cancelled/invalid ISBN |
9780593657232 |
| Qualifying information |
(ebk.) |
| 035 ## - SYSTEM CONTROL NUMBER |
| System control number |
(OCoLC)1453617770 |
| 037 ## - SOURCE OF ACQUISITION |
| Source of stock number/acquisition |
Penguin Group USA, Attn: Order Processing 405 Murray Hill Pkwy, East Rutherford, NJ, USA, 07073-2136 |
| Note |
SAN 201-3975 |
| 040 ## - CATALOGING SOURCE |
| Original cataloging agency |
NjBwBT |
| Language of cataloging |
eng |
| Transcribing agency |
NjBwBT |
| Description conventions |
rda |
| 043 ## - GEOGRAPHIC AREA CODE |
| Geographic area code |
n-usp-- |
| -- |
n-us--- |
| 050 14 - LIBRARY OF CONGRESS CALL NUMBER |
| Classification number |
HV6533.P33 |
| Item number |
F73 2025 |
| 082 04 - DEWEY DECIMAL CLASSIFICATION NUMBER |
| Classification number |
364.152/320979 |
| Edition number |
23/eng/20250520 |
| 092 ## - LOCALLY ASSIGNED DEWEY CALL NUMBER (OCLC) |
| Classification number |
general nonfiction |
| Item number |
364.15 Fraser, Caroline |
| 100 1# - MAIN ENTRY--PERSONAL NAME |
| Personal name |
Fraser, Caroline, |
| Relator term |
author. |
| 9 (RLIN) |
5958444 |
| 245 10 - TITLE STATEMENT |
| Title |
Murderland : |
| Remainder of title |
crime and bloodlust in the time of serial killers / |
| Statement of responsibility, etc |
Caroline Fraser. |
| 264 #1 - Production, Publication, Distribution, Manufacture, and Copyright Notice. |
| Place of production, publication, distribution, manufacture |
New York : |
| Name of producer, publisher, distributor, manufacturer |
Penguin Press, |
| Date of production, publication, distribution, manufacture, or copyr |
2025. |
| 300 ## - PHYSICAL DESCRIPTION |
| Extent |
466 pages : |
| Dimensions |
25 cm |
| Other physical details |
illustrations (some color), maps (some color) ; |
| 336 ## - Content Type |
| Content type term |
text |
| 337 ## - Media type |
| Media type term |
unmediated |
| 338 ## - Carrier type |
| Carrier type term |
volume |
| 504 ## - BIBLIOGRAPHY, ETC. NOTE |
| Bibliography, etc |
Includes bibliographical references (pages 403-452) and index. |
| 520 ## - SUMMARY, ETC. |
| Summary, etc |
"A terrifying true-crime history of serial killers in the Pacific Northwest and beyond--a gripping investigation of how a new strain of psychopath emerged out of a toxic landscape of deadly industrial violence"-- |
| 520 ## - SUMMARY, ETC. |
| Summary, etc |
"... maps the lives and careers of Bundy and his infamous peers in mayhem--the Green River Killer, the I-5 Killer, the Night Stalker, the Hillside Strangler, even Charles Manson--Fraser's Northwestern death trip begins to uncover a deeper mystery and an overlapping pattern of environmental destruction. At ground zero in Ted Bundy's Tacoma stood one of the most poisonous lead, copper, and arsenic smelters in the world, but it was hardly unique in the West. As Fraser's investigation inexorably proceeds, evidence mounts that the plumes of these smelters not only sickened and blighted millions of lives but also warped young minds, including some who grew up to become serial killers."--Provided by publisher. |
| 600 10 - SUBJECT ADDED ENTRY--PERSONAL NAME |
| Personal name |
Bundy, Ted. |
| 9 (RLIN) |
12265 |
| 600 10 - SUBJECT ADDED ENTRY--PERSONAL NAME |
| Personal name |
Ridgway, Gary Leon, |
| Dates associated with a name |
1949- |
| 600 10 - SUBJECT ADDED ENTRY--PERSONAL NAME |
| Personal name |
Woodfield, Randall Brent, |
| Dates associated with a name |
1950- |
| 9 (RLIN) |
6545573 |
| 600 10 - SUBJECT ADDED ENTRY--PERSONAL NAME |
| Personal name |
Bianchi, Ken. |
| 9 (RLIN) |
6545574 |
| 600 10 - SUBJECT ADDED ENTRY--PERSONAL NAME |
| Personal name |
Manson, Charles, |
| Dates associated with a name |
1934-2017. |
| 650 #0 - SUBJECT ADDED ENTRY--TOPICAL TERM |
| Topical term or geographic name as entry element |
Serial murderers |
| Geographic subdivision |
United States |
| -- |
Pacific States |
| General subdivision |
History. |
| 9 (RLIN) |
6546033 |
| 650 #0 - SUBJECT ADDED ENTRY--TOPICAL TERM |
| Topical term or geographic name as entry element |
Serial murders |
| Geographic subdivision |
United States |
| -- |
Pacific States |
| General subdivision |
History. |
| 9 (RLIN) |
6546034 |
| 650 #0 - SUBJECT ADDED ENTRY--TOPICAL TERM |
| Topical term or geographic name as entry element |
Murder |
| Geographic subdivision |
United States |
| -- |
Pacific States |
| General subdivision |
History. |
| 9 (RLIN) |
6546035 |
| 650 #0 - SUBJECT ADDED ENTRY--TOPICAL TERM |
| Topical term or geographic name as entry element |
Rapists |
| Geographic subdivision |
Northwest, Pacific. |
| 9 (RLIN) |
6558823 |
| 650 #0 - SUBJECT ADDED ENTRY--TOPICAL TERM |
| Topical term or geographic name as entry element |
Industrial toxicology |
| Geographic subdivision |
Northwest, Pacific. |
| 9 (RLIN) |
6558824 |
| 655 #7 - INDEX TERM--GENRE/FORM |
| Genre/form data or focus term |
True crime stories. |
| Source of term |
lcgft |
| 9 (RLIN) |
5703678 |
| 655 #7 - INDEX TERM--GENRE/FORM |
| Genre/form data or focus term |
Case studies. |
| Source of term |
lcgft |
| 9 (RLIN) |
5695900 |
| 942 ## - ADDED ENTRY ELEMENTS (KOHA) |
| Source of classification or shelving scheme |
Dewey Decimal Classification |
| Koha item type |
BOOK |